00278nam a2200097Ia 4500020001800000082001800018100002900036245006400065260004100129300001000170 a0 19 564191 4 aRR 016.33 GHO aGhosal, Satyabrata comp. 0aUser's guide to the economic and political weekly 1966-1996 aDelhibOxford University Pressc1997 a409p.